00559nam a22001817a 450000500170000001000150001702000320003202000350006403500130009903700130011208200080012524500900013326000290022327000540025230000310030650000190033770000210035620100804122956.0 aENG-100796 c1395.00a8173043531(Series) c1395.00a9788173047718( vol 9) aEN-84329 bDBAD/PUB a921 aJayaprakash Narayan :cedited by Bimal Prashad bselected works volume ix (1966-1972) aNew DelhibManoharc2008 a4753/23 Ansari Road, DaryaganjbNew Delhie110002 aV.9. xxxix,896pb24cm (Hb) aIncludes index aPrashad, Bimal